[Event "POR-chT 1st League 2017"]
[Site "Leiria"]
[Date "2017.07.20"]
[Round "5"]
[White "Maisuradze, Nino"]
[Black "Pinheiro, Albano"]
[Result "1-0"]
[WhiteElo "2266"]
[BlackElo "2071"]
[Annotator "NA"]
[PlyCount "79"]
[EventDate "2017.??.??"]
[EventType "team-tourn"]
[EventCountry "POR"]
[SourceTitle "playchess.com"]
[Source "ChessBase"]
[SourceQuality "1"]
[TimeControl "5400+30"]

1. d4 {[%emt 0:00:00]} Nf6 {[%emt 0:03:39]} 2. Nf3 {[%emt 0:00:00]} e6 {[%emt 0:00:07]} 3. Bf4 {[%emt 0:00:00]} b6 {[%emt 0:00:06]} 4. e3 {[%emt 0:00:00]} Bb7 {[%emt 0:00:07]} 5. h3 {[%emt 0:00:03]} Be7 {[%emt 0:00:08]} 6. Nbd2 {[%emt 0:00:02]} O-O {[%emt 0:00:09]} 7. Bd3 {[%emt 0:00:06]} c5 {[%emt 0:00:17]} 8. c3 {[%emt 0:00:24]} cxd4 {[%emt 0:00:05] A47: 1 d4 Nf6 2 Nf3 b6: Torre, London and Colle Systems} 9. cxd4 {[%emt 0:06:54]} (9. exd4 d6 10. O-O Nbd7 11. Re1 Re8 12. Bh2 a6 13. a4 Nf8 14. Ng5 Qd7 15. Qe2 Bc6 16. Bxa6 Bxa4 17. Bd3 Bc6 18. Nc4 {1-0 (82) Giri,A (2755)-Tomashevsky,E (2731) Moscow 2016}) 9... Nc6 {[%emt 0:00:29]} 10. a3 {[%emt 0:00:53]} d6 {[%emt 0:00:08]} 11. O-O {[%emt 0:06:41]} Rc8 {[%emt 0:00:34]} 12. Qe2 {[%emt 0:01:18]} Rc7 {[%emt 0:07:27]} 13. Rfd1 {[%emt 0:01:35]} Qd7 {[%emt 0:01:18]} 14. e4 {[%emt 0:01:40]} Rfc8 {[%emt 0:21:31]} 15. Bh2 $146 {[%emt 0:20:46]} ({Predecessor:} 15. b4 Qd8 16. Be3 Nb8 {0-1 (47) Bonnez,F (2335)-Calandri,F (2430) ICCF email 1997}) 15... g6 {[%emt 0:05:48]} 16. e5 {[%emt 0:03:23]} dxe5 {[%emt 0:03:42]} 17. dxe5 {[%emt 0:00:26]} Nd5 {[%emt 0:01:31]} 18. Bb5 {[%emt 0:02:47]} Qd8 {[%emt 0:03:23]} 19. Ne4 {[%emt 0:02:06]} Nb8 {[%emt 0:10:12]} 20. Nd4 {[%emt 0:06:31]} a6 {[%emt 0:05:01]} 21. Ba4 {[%emt 0:01:16]} b5 {[%emt 0:02:55]} 22. Bb3 {[%emt 0:00:13]} Nc6 {[%emt 0:00:38]} 23. Nxc6 {[%emt 0:02:12]} Rxc6 {[%emt 0:03:41]} 24. Bg3 {[%emt 0:03:53]} R6c7 {[%emt 0:04:23]} 25. Nd6 {[%emt 0:09:08]} Bxd6 {[%emt 0:01:36]} 26. exd6 {[%emt 0:00:06]} Rc5 {[%emt 0:04:15]} 27. Kh2 {[%emt 0:02:54]} Qd7 {[%emt 0:05:17]} 28. a4 {[%emt 0:03:58]} b4 {[%emt 0:01:26]} 29. Rd4 {[%emt 0:03:15]} ({Better is} 29. Bxd5 $16 exd5 30. Re1) 29... Qc6 {[%emt 0:03:20]} 30. f3 {[%emt 0:00:53]} a5 $2 {[%emt 0:00:23]} (30... Qd7 $16) 31. Rad1 $2 {[%emt 0:00:37]} (31. Bxd5 $18 Rxd5 32. Rxd5 Qxd5 33. Rd1) 31... Qd7 {[%emt 0:01:02]} 32. Be5 {[%emt 0:02:13]} Nb6 $1 {[%emt 0:01:46]} 33. Qe3 {[%emt 0:00:51]} (33. Bf6 $1 $14) 33... Nc4 {[%emt 0:02:58]} 34. Bxc4 {[%emt 0:00:16]} Rxc4 {[%emt 0:00:00]} 35. Rxc4 {[%emt 0:03:38]} Rxc4 {[%emt 0:00:03]} 36. Bf6 {[%emt 0:03:12]} Bd5 {[%emt 0:01:28]} 37. Rxd5 {[%emt 0:00:42]} exd5 {[%emt 0:01:01]} 38. Qe7 {[%emt 0:00:06]} Qxe7 {[%emt 0:04:00]} 39. Bxe7 {[%emt 0:00:03]} Rc8 $18 {[%emt 0:01:33]} 40. d7 {[%emt 0:00:11]} 1-0

[Event "POR-chT 1st League 2017"]
[Site "Leiria"]
[Date "2017.07.20"]
[Round "5"]
[White "Santos, Antonio P"]
[Black "Rocha, Sergio"]
[Result "0-1"]
[WhiteElo "2237"]
[BlackElo "2364"]
[Annotator "NA"]
[PlyCount "56"]
[EventDate "2017.??.??"]
[EventType "team-tourn"]
[EventCountry "POR"]
[SourceTitle "playchess.com"]
[Source "ChessBase"]
[SourceQuality "1"]
[TimeControl "5400+30"]

1. d4 {[%emt 0:18:30]} d6 {[%emt 0:00:13]} 2. c4 {[%emt 0:00:40]} Nf6 {[%emt 0:00:11]} 3. Nc3 {[%emt 0:00:11]} g6 {[%emt 0:00:06]} 4. e4 {[%emt 0:00:12]} Bg7 {[%emt 0:00:05]} 5. Be2 {[%emt 0:00:25]} O-O {[%emt 0:00:06]} 6. Nf3 {[%emt 0:00:25]} c6 {[%emt 0:00:08]} 7. O-O {[%emt 0:00:10]} a6 {[%emt 0:00:04]} 8. Qc2 {[%emt 0:03:44]} b5 {[%emt 0:00:23] E91: King's Indian: Classical: 6 Be2, unusual replies including 6...c5 and 6...Bg4} (8... Bg4 9. Be3 Nbd7 10. h3 Bxf3 11. Bxf3 e5 12. d5 c5 13. a3 Rc8 14. Be2 Kh8 15. b4 Ng8 16. Qd2 {½-½ (32) Rojicek,V (2433)-Petenyi,T (2445) Slovakia 2015}) 9. b4 {[%emt 0:00:02]} Be6 $146 {[%emt 0:07:37]} ({Predecessor:} 9... Bg4 10. Bb2 Bxf3 11. Bxf3 bxc4 12. Ne2 d5 13. e5 Ne8 14. Rab1 Nc7 15. a4 e6 16. Ba3 {0-1 (32) Krueger,I-Buschmann,A Dortmund 1999}) 10. d5 {[%emt 0:25:52]} Bg4 {[%emt 0:00:58]} 11. Be3 {[%emt 0:15:39]} bxc4 {[%emt 0:01:40]} 12. Nd4 {[%emt 0:02:41]} a5 {[%emt 0:04:09]} (12... Bxe2 $15 13. Qxe2 cxd5 14. exd5 Qc7) 13. dxc6 {[%emt 0:17:39]} axb4 {[%emt 0:01:22]} 14. Ncb5 {[%emt 0:00:07]} Bxe2 {[%emt 0:11:09]} 15. c7 {[%emt 0:00:53]} Qd7 {[%emt 0:00:52]} 16. Qxe2 {[%emt 0:00:02]} e5 {[%emt 0:08:37]} 17. Qxc4 {[%emt 0:04:47]} exd4 {[%emt 0:00:47]} 18. cxb8=Q {[%emt 0:00:04]} Rfxb8 {[%emt 0:01:56]} 19. Nxd4 {[%emt 0:00:09]} Nxe4 {[%emt 0:00:34]} 20. Nc6 {[%emt 0:06:49]} Rc8 {[%emt 0:09:57]} 21. Qxe4 {[%emt 0:00:25]} Qxc6 {[%emt 0:00:14]} 22. Qxc6 {[%emt 0:00:10]} Rxc6 {[%emt 0:00:06]} 23. Rac1 {[%emt 0:01:09]} Bc3 {[%emt 0:00:25]} 24. Rc2 {[%emt 0:00:18]} Rca6 $19 {[%emt 0:00:38]} 25. Bf4 {[%emt 0:00:31]} Rxa2 {[%emt 0:04:12]} 26. Rcc1 {[%emt 0:00:23]} d5 {[%emt 0:00:45]} 27. Rfd1 {[%emt 0:00:34]} d4 {[%emt 0:00:18]} 28. Rb1 {[%emt 0:00:08]} Ra1 {[%emt 0:01:00]} 0-1

[Event "POR-chT 1st League 2017"]
[Site "Leiria"]
[Date "2017.07.20"]
[Round "5"]
[White "Santos, Jose Alves"]
[Black "Espineira Gonzalez, Diego"]
[Result "0-1"]
[WhiteElo "2196"]
[BlackElo "2364"]
[Annotator "NA"]
[PlyCount "114"]
[EventDate "2017.??.??"]
[EventType "team-tourn"]
[EventCountry "POR"]
[SourceTitle "playchess.com"]
[Source "ChessBase"]
[SourceQuality "1"]
[TimeControl "5400+30"]

1. e4 {[%emt 0:02:32]} e6 {[%emt 0:00:06]} 2. d4 {[%emt 0:00:39]} d5 {[%emt 0:00:04]} 3. Nc3 {[%emt 0:00:19]} h6 {[%emt 0:00:11]} 4. Bd3 {[%emt 0:14:28] C10: French with 3 Nc3: Unusual Black 3rd moves and 3...dxe4} (4. e5 c5 5. dxc5 Nc6 6. Nf3 Bxc5 7. Bd3 a6 8. O-O Nge7 9. a3 Ba7 10. h3 O-O 11. Bf4 f5 {0-1 (21) Pichot,A (2532)-Cordova,E (2602) San Salvador 2016}) 4... Nc6 {[%emt 0:00:35]} 5. Nf3 {[%emt 0:01:10]} Nb4 {[%emt 0:00:24]} 6. Be2 {[%emt 0:05:18]} Nf6 {[%emt 0:00:17]} 7. e5 {[%emt 0:02:23]} Ne4 {[%emt 0:00:03]} 8. a3 {[%emt 0:01:18]} Nxc3 {[%emt 0:00:04]} 9. bxc3 {[%emt 0:00:03]} Nc6 {[%emt 0:00:10]} 10. O-O {[%emt 0:00:34]} Na5 {[%emt 0:00:08]} 11. Nd2 {[%emt 0:00:25]} c5 {[%emt 0:01:31]} 12. f4 $146 {[%emt 0:00:58]} Qc7 {[%emt 0:03:05]} 13. Rb1 {[%emt 0:04:30]} Bd7 {[%emt 0:03:58]} 14. Kh1 {[%emt 0:08:53]} O-O-O {[%emt 0:02:56]} 15. Rf3 {[%emt 0:07:16]} c4 {[%emt 0:00:48]} 16. Nf1 {[%emt 0:00:45]} f6 {[%emt 0:05:55]} (16... g6 $15) 17. exf6 {[%emt 0:06:19]} gxf6 {[%emt 0:00:40]} 18. Ne3 {[%emt 0:00:19]} Be8 {[%emt 0:14:09]} 19. Rh3 {[%emt 0:09:09]} Bf7 {[%emt 0:28:25]} 20. f5 $1 {[%emt 0:02:12]} e5 {[%emt 0:01:22]} 21. Ng4 {[%emt 0:00:29]} Qe7 {[%emt 0:05:06]} 22. dxe5 {[%emt 0:04:03]} ({Reject} 22. Nxh6 $6 Bxh6 23. Rxh6 Nc6 $11) 22... fxe5 {[%emt 0:00:40]} 23. Bxh6 {[%emt 0:00:21]} Bxh6 {[%emt 0:05:16]} 24. Nxh6 {[%emt 0:03:43]} Nc6 {[%emt 0:02:02]} 25. Nxf7 {[%emt 0:00:33]} Qxf7 {[%emt 0:00:04]} 26. Rxh8 {[%emt 0:02:34]} Rxh8 {[%emt 0:00:02]} 27. Bg4 {[%emt 0:01:03]} Kc7 {[%emt 0:00:16]} 28. Rb5 {[%emt 0:00:20]} Rd8 {[%emt 0:00:26]} 29. Qf1 {[%emt 0:02:37]} Rd6 {[%emt 0:00:08]} 30. Rb1 {[%emt 0:01:49]} b6 {[%emt 0:00:30]} 31. Re1 {[%emt 0:00:34]} Qf6 {[%emt 0:01:21]} 32. Bh3 {[%emt 0:00:57]} (32. Qf2 $16) 32... e4 {[%emt 0:00:10]} 33. Qf4 {[%emt 0:00:15]} Qxc3 {[%emt 0:00:09]} 34. Rf1 {[%emt 0:00:35]} e3 {[%emt 0:00:28]} 35. Bg4 {[%emt 0:00:36]} Qe5 {[%emt 0:03:37]} 36. f6 {[%emt 0:00:23]} Qxf4 {[%emt 0:00:03]} 37. Rxf4 {[%emt 0:00:02]} Rd8 {[%emt 0:00:06]} 38. f7 {[%emt 0:01:15]} Rf8 $1 {[%emt 0:01:16]} 39. c3 $2 {[%emt 0:00:05]} (39. Kg1 $14 {stays ahead.}) 39... Ne5 {[%emt 0:00:56]} 40. Be2 {[%emt 0:05:08]} Rxf7 {[%emt 0:00:20]} 41. Rxf7+ {[%emt 0:00:02]} Nxf7 {[%emt 0:00:06]} 42. g4 {[%emt 0:00:01]} Kd6 {[%emt 0:00:39]} 43. Kg2 {[%emt 0:00:23]} Ke5 {[%emt 0:00:30]} 44. Kf3 {[%emt 0:00:49]} Ng5+ {[%emt 0:00:28]} 45. Kxe3 {[%emt 0:00:10]} Ne4 {[%emt 0:00:02]} 46. h4 {[%emt 0:03:26]} Nxc3 {[%emt 0:00:05]} 47. Bf1 {[%emt 0:00:35]} d4+ {[%emt 0:00:52]} 48. Kd2 {[%emt 0:00:06]} Ne4+ {[%emt 0:00:39]} 49. Kc2 {[%emt 0:04:32]} b5 {[%emt 0:01:38]} 50. g5 {[%emt 0:01:36]} a5 {[%emt 0:02:13]} 51. g6 {[%emt 0:00:33]} Kf6 {[%emt 0:00:16]} 52. Bg2 {[%emt 0:00:41]} d3+ {[%emt 0:00:13]} 53. Kc1 {[%emt 0:00:36]} Nf2 {[%emt 0:00:46]} 54. Kd2 {[%emt 0:04:20]} b4 {[%emt 0:00:06]} 55. axb4 {[%emt 0:00:44]} axb4 {[%emt 0:00:04]} 56. Bf3 {[%emt 0:01:05]} Kxg6 {[%emt 0:00:12]} 57. Ke3 {[%emt 0:01:13]} b3 $19 {[%emt 0:00:14]} 0-1

[Event "POR-chT 1st League 2017"]
[Site "Leiria"]
[Date "2017.07.20"]
[Round "5"]
[White "Leao, Tiago Miguel Da Sil"]
[Black "Ulyanovskyy, Viktor"]
[Result "1/2-1/2"]
[WhiteElo "2075"]
[BlackElo "2219"]
[Annotator "NA"]
[PlyCount "69"]
[EventDate "2017.??.??"]
[EventType "team-tourn"]
[EventCountry "POR"]
[SourceTitle "playchess.com"]
[Source "ChessBase"]
[SourceQuality "1"]
[TimeControl "5400+30"]

1. e4 {[%emt 0:05:01]} e5 {[%emt 0:00:06]} 2. Nf3 {[%emt 0:00:55]} Nf6 {[%emt 0:00:07]} 3. Nxe5 {[%emt 0:00:09]} d6 {[%emt 0:00:06]} 4. Nf3 {[%emt 0:00:16]} Nxe4 {[%emt 0:00:06]} 5. Nc3 {[%emt 0:00:04]} Nf6 {[%emt 0:01:54] C42: Petroff Defence: 3 Nxe5 and unusual White 3rd moves} (5... Nxc3 6. dxc3 Be7 7. Be3 Nd7 8. Bd3 O-O 9. Qe2 Re8 10. O-O-O Bf6 11. h4 Nf8 12. Ng5 d5 13. Qh5 g6 14. Qf3 h5 15. Qg3 Bg4 {½-½ (66) Anand,V (2783)-So,W (2810) Leon 2017}) 6. h3 {[%emt 0:01:48]} Be7 {[%emt 0:01:56]} 7. d4 {[%emt 0:00:10]} O-O {[%emt 0:00:12]} 8. Bd3 {[%emt 0:02:58]} a6 {[%emt 0:00:21]} 9. O-O {[%emt 0:01:28]} b5 {[%emt 0:00:13]} 10. Re1 {[%emt 0:06:22]} Bb7 $146 {[%emt 0:03:15]} ({Predecessor:} 10... Nbd7 11. a4 b4 12. Ne2 Bb7 13. Ng3 Re8 14. c4 Bf8 15. Bg5 Rxe1+ 16. Nxe1 {½-½ (70) Schunk,E (2297)-Fiedler,T (2286) Germany 2003}) 11. Qe2 {[%emt 0:08:33]} Re8 {[%emt 0:00:35]} 12. Bg5 {[%emt 0:00:34]} Nbd7 {[%emt 0:00:30]} 13. Bf5 {[%emt 0:15:57]} b4 {[%emt 0:05:46]} (13... g6 $5 {[%cal Rg6f5]} 14. Bxd7 Qxd7 $15) 14. Nb1 {[%emt 0:13:11]} h6 {[%emt 0:07:21]} 15. Be3 {[%emt 0:04:27]} Nd5 {[%emt 0:04:23]} 16. Qd3 {[%emt 0:02:31]} Bf8 {[%emt 0:05:56]} 17. Nbd2 {[%emt 0:01:13]} a5 {[%emt 0:01:38]} 18. Ne4 {[%emt 0:05:44]} g6 {[%emt 0:08:38]} 19. Bxd7 {[%emt 0:12:43]} Qxd7 {[%emt 0:00:10]} 20. c4 {[%emt 0:01:00]} bxc3 {[%emt 0:00:07]} 21. bxc3 {[%emt 0:03:12]} f5 {[%emt 0:04:03]} 22. Ned2 $2 {[%emt 0:02:55] [#]} (22. Ng3 $17) 22... Qf7 $2 {[%emt 0:03:13]} (22... f4 $1 $19 23. Qxg6+ Qg7) 23. Nf1 {[%emt 0:02:05]} Bg7 {[%emt 0:02:32]} 24. Bd2 {[%emt 0:00:59]} Nb6 {[%emt 0:00:35]} 25. Bf4 {[%emt 0:05:50]} a4 {[%emt 0:03:29]} 26. N1d2 {[%emt 0:00:55]} a3 {[%emt 0:02:34]} 27. Qb5 {[%emt 0:01:51]} Rxe1+ {[%emt 0:06:20]} 28. Nxe1 {[%emt 0:00:20]} Bd5 {[%emt 0:03:20]} 29. Bxd6 $1 {[%emt 0:00:19]} Nc4 {[%emt 0:02:10]} 30. Nxc4 {[%emt 0:00:39]} Bxc4 $14 {[%emt 0:00:10]} 31. Qc6 {[%emt 0:00:04]} Bd5 {[%emt 0:03:38]} 32. Qxc7 {[%emt 0:00:20]} Qe6 {[%emt 0:00:15]} 33. Be5 {[%emt 0:01:10]} Bxe5 34. Qxe5 {[%emt 0:00:06]} Qc6 {[%emt 0:03:43]} 35. Qe3 {[%emt 0:00:39]} 1/2-1/2

[Event "POR-chT 1st League 2017"]
[Site "Leiria"]
[Date "2017.07.20"]
[Round "5"]
[White "Tubio Agrasar, Pablo"]
[Black "Silva, Fernando"]
[Result "0-1"]
[WhiteElo "1988"]
[BlackElo "2249"]
[Annotator "NA"]
[PlyCount "70"]
[EventDate "2017.??.??"]
[EventType "team-tourn"]
[EventCountry "POR"]
[SourceTitle "playchess.com"]
[Source "ChessBase"]
[SourceQuality "1"]
[TimeControl "5400+30"]

1. e4 {[%emt 0:01:56]} c5 {[%emt 0:03:10]} 2. Nc3 {[%emt 0:00:07]} Nc6 {[%emt 0:00:36]} 3. Bb5 {[%emt 0:00:23]} g6 {[%emt 0:00:16]} 4. Bxc6 {[%emt 0:06:06]} bxc6 {[%emt 0:00:54]} 5. f4 {[%emt 0:00:47] B23: Closed Sicilian: Lines without g3} Bg7 {[%emt 0:00:22]} 6. Nf3 {[%emt 0:00:05]} d5 {[%emt 0:08:43]} (6... d6 7. O-O Nh6 8. d3 f5 9. e5 O-O 10. Qe2 Qc7 11. Re1 Nf7 12. Na4 Nd8 13. Bd2 Ne6 14. Qf2 Rb8 15. b3 Rd8 16. Rad1 Rb5 17. Qh4 d5 18. c4 {1-0 (63) Zeng,C (2541)-Wang,Y (2726) China 2015}) 7. e5 {[%emt 0:09:52]} Nh6 {[%emt 0:01:52]} 8. O-O {[%emt 0:00:14]} O-O {[%emt 0:00:49]} 9. b3 {[%emt 0:02:50]} Qa5 $146 {[%emt 0:04:43]} ({Predecessor:} 9... c4 10. bxc4 Ba6 11. d3 dxc4 12. d4 Bc8 {0-1 (27) Turcan,M (2210)-Gazik,I (2410) Topolcianky 1994}) 10. Qe1 {[%emt 0:03:46]} f6 {[%emt 0:05:07]} 11. d3 {[%emt 0:04:26]} Kh8 {[%emt 0:05:22]} (11... fxe5 $14 12. Nxe5 Nf5) 12. Na4 {[%emt 0:04:29]} Qxe1 {[%emt 0:01:15]} 13. Rxe1 {[%emt 0:07:09]} Bg4 {[%emt 0:02:13]} 14. Nh4 {[%emt 0:04:46]} (14. Nd2 $16) 14... fxe5 {[%emt 0:02:40]} 15. fxe5 {[%emt 0:00:22]} Nf7 {[%emt 0:00:41]} 16. h3 {[%emt 0:02:52]} Bc8 {[%emt 0:11:18]} 17. Nf3 {[%emt 0:02:55]} c4 {[%emt 0:00:32]} 18. bxc4 {[%emt 0:04:27]} dxc4 {[%emt 0:00:36]} 19. d4 {[%emt 0:00:02]} Be6 {[%emt 0:02:55]} 20. Ba3 {[%emt 0:04:35]} Rfe8 {[%emt 0:00:25]} 21. c3 {[%emt 0:01:41]} Bd5 {[%emt 0:01:03]} 22. e6 {[%emt 0:08:15]} Nd6 {[%emt 0:00:39]} 23. Ng5 {[%emt 0:00:20]} Kg8 {[%emt 0:04:09]} 24. Nc5 {[%emt 0:04:02]} Nb5 {[%emt 0:04:31]} 25. Bb2 {[%emt 0:00:26]} Rab8 {[%emt 0:00:41]} 26. Rab1 {[%emt 0:02:22]} Nxd4 {[%emt 0:00:23]} 27. Nd7 {[%emt 0:03:28]} ({But not} 27. cxd4 $2 {[#]} Rxb2 $1 {[%mdl 512]} 28. Rxb2 Bxd4+ 29. Rf2 Bxc5 $19) 27... Rxb2 {[%emt 0:02:34]} 28. Rxb2 {[%emt 0:00:23]} Nb5 {[%emt 0:01:37]} 29. Ne5 {[%emt 0:04:08]} Nxc3 {[%emt 0:05:51]} 30. Rc2 {[%emt 0:01:37]} Nb5 {[%emt 0:04:09]} 31. Nxc4 {[%emt 0:01:32]} Nd4 $15 {[%emt 0:00:28]} 32. Rcc1 {[%emt 0:00:19]} h6 {[%emt 0:05:50]} 33. Nf7 {[%emt 0:00:14]} Rb8 {[%emt 0:03:16]} 34. Nfe5 {[%emt 0:01:08]} Bxe5 {[%emt 0:01:35]} 35. Nxe5 {[%emt 0:00:40]} Rb2 {[%emt 0:00:16]} 0-1

[Event "POR-chT 1st League 2017"]
[Site "Leiria"]
[Date "2017.07.20"]
[Round "5"]
[White "Moreira, Bruno Marcio Pascoa"]
[Black "Cavaleiro, Daniel Felipe Costa"]
[Result "0-1"]
[WhiteElo "1882"]
[BlackElo "2006"]
[Annotator "NA"]
[PlyCount "52"]
[EventDate "2017.??.??"]
[EventType "team-tourn"]
[EventCountry "POR"]
[SourceTitle "playchess.com"]
[Source "ChessBase"]
[SourceQuality "1"]
[TimeControl "5400+30"]

1. e4 {[%emt 0:00:00]} g6 {[%emt 0:00:18]} 2. d4 {[%emt 0:00:19]} Bg7 {[%emt 0:00:49]} 3. c3 {[%emt 0:00:50]} d6 {[%emt 0:02:37]} 4. Nf3 {[%emt 0:02:18]} Nf6 {[%emt 0:03:01]} 5. Bd3 {[%emt 0:04:30]} O-O {[%emt 0:00:46]} 6. O-O {[%emt 0:00:50]} Nc6 {[%emt 0:26:44]} 7. d5 {[%emt 0:16:47]} Ne5 {[%emt 0:03:08]} 8. Nxe5 {[%emt 0:01:10]} dxe5 {[%emt 0:00:02]} 9. c4 {[%emt 0:02:36]} c6 {[%emt 0:06:38]} 10. dxc6 {[%emt 0:16:58]} bxc6 {[%emt 0:00:17]} 11. Nc3 {[%emt 0:05:15]} Qc7 {[%emt 0:06:14]} 12. Qe2 {[%emt 0:02:56]} Nh5 {[%emt 0:01:50]} 13. Be3 {[%emt 0:12:47]} Nf4 {[%emt 0:03:29]} 14. Qc2 {[%emt 0:00:45]} Rd8 {[%emt 0:08:23]} 15. Rfd1 {[%emt 0:00:54]} h5 {[%emt 0:07:13]} 16. f3 {[%emt 0:07:37]} Bh6 {[%emt 0:03:19]} 17. Bf2 {[%emt 0:02:41]} Ne6 {[%emt 0:09:57]} 18. b4 {[%emt 0:03:50]} Nd4 {[%emt 0:03:05]} 19. Qb2 {[%emt 0:02:17]} Rb8 {[%emt 0:01:37]} 20. a4 {[%emt 0:04:28]} Qd6 {[%emt 0:00:25]} 21. Rab1 {[%emt 0:02:40]} Qf6 {[%emt 0:01:19]} 22. Be2 {[%emt 0:04:44]} h4 {[%emt 0:00:26]} 23. Rd3 {[%emt 0:02:07]} Be6 {[%emt 0:01:10]} 24. Qa2 {[%emt 0:00:27]} Kg7 {[%emt 0:02:06]} 25. Bd1 {[%emt 0:00:12]} h3 {[%emt 0:01:10]} 26. g3 {[%emt 0:00:40]} Nxf3+ {[%emt 0:00:19]} 0-1

[Event "POR-chT 1st League 2017"]
[Site "Leiria"]
[Date "2017.07.20"]
[Round "6"]
[White "Ftacnik, Lubomir"]
[Black "Brodowski, Piotr"]
[Result "1/2-1/2"]
[WhiteElo "2551"]
[BlackElo "2442"]
[Annotator "TA"]
[PlyCount "78"]
[EventDate "2017.??.??"]
[EventType "team-tourn"]
[EventCountry "POR"]
[SourceTitle "playchess.com"]
[Source "ChessBase"]
[SourceQuality "1"]

{[%evp 10,78,28,24,48,45,55,50,61,0,0,-3,20,0,12,-3,0,-16,-17,-16,0,-5,0,0,0,0,0,14,7,0,23,18,31,31,48,4,37,-20,-16,-20,-25,-36,-32,-30,-31,-36,-32,-37,16,16,16,16,16,16,16,16,50,16,32,16,16,16,16,0,0,0,0,0,0,0,0]} 1. d4 d6 2. Nf3 g6 3. c4 Bg7 4. Nc3 Nc6 5. e3 e5 6. Be2 {LiveBook: 80 Games. A25: English Opening vs King's Indian with ...Nc6 but without early d3} h6 (6... exd4 7. Nxd4 Nxd4 8. exd4 Ne7 9. O-O O-O 10. Re1 Nf5 11. d5 Nd4 12. Bd3 Bd7 13. Ne2 Qh4 {0-1 (46) Rakhmanov,A (2667)-Andreikin,D (2737) Tallinn 2016}) 7. dxe5 $146 ({Predecessor:} 7. d5 Nce7 8. e4 f5 9. Nd2 Nf6 10. exf5 Nxf5 11. Nde4 Nxe4 12. Nxe4 O-O 13. O-O Kh8 {½-½ (45) Solys,L (2335)-Worek,J (2243) Krakow 2012}) 7... dxe5 8. Qxd8+ {White is slightly better.} Nxd8 9. Bd2 (9. b3 $14) 9... Ne6 $11 10. O-O-O Bd7 11. h4 Ne7 12. g4 Bc6 13. b4 {[%cal Bb2b4,Bb4b5][%mdl 32]} b6 14. h5 e4 15. Nh4 Rf8 16. b5 $36 {[%mdl 2048] White is pushing.} Bb7 17. Nd5 Bxd5 18. cxd5 Nc5 $1 ({Reject} 18... Nxd5 $6 19. Bc4 $16) 19. Bb4 g5 20. Nf5 Nxf5 21. gxf5 Kd7 22. Rhg1 Rfe8 23. Bxc5 (23. Bc4 $14) 23... bxc5 24. d6 cxd6 25. Bc4 Re5 26. Rd5 Rae8 {Hoping for ...Rxd5.} 27. Rgd1 Rxd5 28. Rxd5 Re5 (28... Bc3 $15) 29. Rxe5 Bxe5 30. Bxf7 {[%mdl 4096] Endgame KB-KB} Bc3 31. Bd5 Ke7 32. Bxe4 Be1 33. a4 Kf6 34. Kd1 Ba5 {The position is equal.} ({Not} 34... Bxf2 $2 35. a5 $18) 35. f3 Ke5 36. Bc2 (36. f4+ $5 gxf4 37. exf4+ Kf6 38. Ke2 $14) 36... d5 37. Ke2 c4 38. Bb1 Bb4 39. Bc2 Ba5 {Precision: White = 58%, Black = 60%.} 1/2-1/2

[Event "POR-chT 1st League 2017"]
[Site "Leiria"]
[Date "2017.07.20"]
[Round "6"]
[White "Sprenger, Jan Michael"]
[Black "Fier, Alexandr"]
[Result "1/2-1/2"]
[WhiteElo "2514"]
[BlackElo "2589"]
[Annotator "TA"]
[PlyCount "83"]
[EventDate "2017.??.??"]
[EventType "team-tourn"]
[EventCountry "POR"]
[SourceTitle "playchess.com"]
[Source "ChessBase"]
[SourceQuality "1"]

{[%evp 33,83,36,66,23,58,6,150,11,13,-30,-11,-25,-25,-34,21,17,31,14,130,122,114,110,120,128,247,256,236,8,8,8,8,9,8,10,16,8,16,16,16,8,8,0,17,0,35,0,15,0,122,62,85,0]} 1. e4 c5 2. Nf3 Nc6 3. d4 cxd4 4. Nxd4 Nf6 5. Nc3 e5 6. Ndb5 d6 7. Bg5 a6 8. Na3 b5 9. Bxf6 gxf6 {[%cal Bg7f6,Bf6f5][%mdl 32]} 10. Nd5 f5 11. Bd3 Be6 12. c3 Bg7 13. Nxb5 {B33: Sicilian: Pelikan and Sveshnikov Variations} axb5 14. Bxb5 Bd7 15. exf5 O-O (15... Nb8 16. a4 Bxb5 17. axb5 Rxa1 18. Qxa1 Nd7 19. Qa7 O-O 20. O-O Nf6 {½-½ (37) Shankland,S (2646)-Shirov,A (2682) Edmonton 2016}) 16. a4 e4 17. O-O Re8 {LiveBook: 28 Games} 18. Re1 (18. Qg4 $5 {[%cal Rb5c6]} Kh8 19. Rfe1 $11) 18... Rc8 19. a5 {[#]} (19. Qg4 $14) 19... Ne5 $146 (19... Re5 $11) ({Predecessor:} 19... Bxf5 20. Qa4 Na7 21. Bxe8 Qxe8 22. Qxe8+ Rxe8 {1-0 (34) Smirnov,P (2523)-Filippov,V (2566) Kemerovo 2010}) 20. Bxd7 (20. Ba4 $1 $16) 20... Nxd7 $11 21. Re3 Re5 22. a6 {And now Rg3 would win.} Nf6 23. Nxf6+ Bxf6 (23... Qxf6 $15 24. a7 Ra8) 24. Qg4+ Kf8 $1 25. Rxe4 Qb6 (25... Rb5 $1 $11 {remains equal.}) 26. Rxe5 $16 dxe5 27. Qe2 {a7 is the strong threat.} Ra8 28. g3 Ra7 (28... e4 $16 29. Kg2 (29. Qxe4 Rxa6 30. Rxa6 Qxa6 $11) 29... Ra7) 29. b4 $18 e4 30. Qxe4 $2 (30. b5 $18) 30... Rxa6 $11 31. Rxa6 Qxa6 32. c4 Qa1+ 33. Kg2 Qb2 34. b5 Bd4 35. Qf4 Kg7 36. h4 h6 37. Qg4+ Kh7 (37... Kf6 $5 {[%cal Rb2f2]} 38. Qf4 Kg7 $14) 38. Qf4 Kg7 39. Qg4+ Kh7 40. Qf4 Qc3 {[#]} (40... Kg7 $11) 41. Qe4 ({Better is} 41. f6 $1 $16 {White wants to mate with Qe4+.} Bxf6 42. b6) 41... Kg7 $14 {[#]} 42. Qf4 {Precision: White = 34%, Black = 49%.} ({White should try} 42. Qg4+ $1 $16 Kf6 43. Qf4) 1/2-1/2